| 000 | 00549nam a2200181 a 4500 | ||
|---|---|---|---|
| 005 | 20240426063841.0 | ||
| 008 | 991125s1970 mx 000 0 spa u | ||
| 035 | _aUPN01000002826 | ||
| 049 | _aF | ||
| 050 | 4 |
_aLB7 _bN8.68 no.4 |
|
| 100 | 1 |
_aAndersen, Dan W. _934502 |
|
| 245 | 1 | 0 |
_aEnseñanza de la escritura / _cDan W. Andersen ; tr. Andrés Pirk. |
| 260 |
_aMéxico : _bCentro Regional de Ayuda Técnica, AID, _cc1970. |
||
| 300 | _a39 p. | ||
| 440 | 0 |
_aNueva pedagogía ; _v4 |
|
| 650 | 4 |
_aEscritura _xEstudio y enseñanza _96154 |
|
| 905 | _aLibro | ||
| 999 |
_c2826 _d2826 |
||